000 01445nam a2200301 i 4500
001 93347
003 ES-MaACL
005 20250407161319.0
007 t|
008 050520s1948 sp ||||1| spa d
245 0 0 _aMapa agronómico nacional
_b: Escala 1:50.000.
_pHoja núm. 508. Cercedilla. Memoria.
260 _aMadrid :
_b[s.n.],
_c1948.
300 _a232 p., 33 lám., 4 gráf. pleg. ;
_c25 cm +
_e3 mapas.
490 1 _aMapa agronómico nacional
500 _aPrecede al tit.: Ministerio de Agricultura. Servicio del Mapa Agronómico Nacional.
505 1 _gContiene:
_t 1. Cercedilla: Mapa Agronómico Nacional de España. Masas de Cultivo y forestales. 508.
_t2. Cercedilla: Mapa Agronómico Nacional de España. Estudios forestales. 508
_t3. Cercedilla: zona de suelos. 508
510 _aCCPB,
_c001210779-4
650 1 4 _aAgricultura-
_zEspaña-
_vMapas.
_99681
830 0 _aMapa agronómico nacional
_9184287
852 _aES-MaACL
_jD-6577
_bR.30931
_cSVI
_996748
_fSello en tinta azul de la Biblioteca del Ateneo de Madrid
852 _aES-MaACL
_jMAP-AGR/1-1
_bR.30931
_cPLANERO
_9 204640
852 _aES-MaACL
_jMAP-AGR/1-2
_bR.30931
_cPLANERO
_9204641
852 _aES-MaACL
_jMAP-AGR/1-3
_bR.30931
_cPLANERO
_9204642
942 _2udc
_cMONOGRAFIA
999 _c93347
_d93347